00432nam a2200109 4500008004100000022001300041245008100054260011900135300001500254650002600269650002700295240219b |||||||| |||| 00| 0 eng d a07426763 aThe American journal of Islamic social sciences-Vol. 13, no. 4 (Winter 1996) aHerndon, (USA) : bThe Association of Muslim social scientists : International institute of Islamic thought,c1996 b475-617 p. aIslam -- Periodicals  aMuslims -- Periodicals